São Tomé und Príncipe-Quiz - Statistiken

Allgemein
  • Dieses Quiz wurde 1.483 mal gespielt
  • Das Durchschnittsergebnis liegt bei 8 aus 13
Antwortstatistiken
Frage Antwort % Korrekt
Hauptstadt São Tomé
82%
Dies wurde offiziell 1876 abgeschafft, wurde aber Jahrzehnte danach weiterhin betrieben Sklaverei
81%
Amtssprache Portugiesisch
79%
Apostel, nach dem das Land benannt ist Thomas
79%
Einziges afrikanisches Land flächenmässig kleiner als São Tomé und Príncipe Seychellen
77%
Land vom kontinentalen Afrika östlich der Hauptinsel Gabun
76%
Bohne, die die Hälfte der Exportgüter ausmacht Kakao
71%
Meeresgolf, in welchem sich São Tomé und Príncipe befindet Golf von {Guinea}
69%
Zweitgrößte Insel Príncipe
69%
Bevölkerung von São Tomé und Príncipe um 1400 0
62%
Bedrohter Vogel, weltweit der kleinste seiner Gattung (Anfangsbuchstabe I) Zwergoliven{ibis}
33%
Begriff für ein Mischvolk mit europäischen und afrikanischen Wurzeln, die Mehrheit der Bevölkerung von São Tomé und Príncipe (Anfangsbuchstabe M) Mestiço
31%
Währung von São Tomé und Príncipe Dobra
16%
Keine übereinstimmenden Quizze gefunden
Verteilung der Resultate
Anzahl Personen mit jedem Resultat
Perzentil nach korrekt beantworteten Fragen
Ihre Resultats-Entwicklung
Sie haben dieses Quiz noch nicht gespielt